01381nam a2200337 a 4500001001000000003000500010005001700015008004100032010001100073011001100084040000900095090001000104100003900114245009900153260004100252500006000293502007700353590003700430590004000467590004000507650004100547650005100588856001600639856007000655901000700725942001000732942000600742999001900748952014000767952013600907000112910CHAP20220329144328.0170210s2016 mx sm |||||||spa d a109371 a110343 cCHAP aTesis1 aChávez Sánchez, Etzael913147810aMuestreo en conglomerados con muestras complejash[En línea]cpor Etzael Chávez Sánchez. aChapingo, Méx. :bEl autor,c2016. aPara ver el contenido del material haga clic en la liga aTesis (Lic. en Estadística) -- UACH. División de Ciencias Forestales aBATCHb00c20181121lUCH01h0759 aE5765TAJb05c20170210lUCH01h1125 aE5765TAJb05c20170210lUCH01h112614aEstadísticaxMetodología.93825314aMuestreo estadísticoxTerminología.979290 a1 n0001583 aFinding aiduhttp://10.13.5.2/tesis/sist112910.pdfzTeclea aquí aBK cTESIS n0 c109371d109371 00102local4053708TESISaBCbBCcPA_TESISd2017-02-10fTESISl0oTesisp33724002529446r2019-12-31 00:00:00tc.2w2019-12-31yTESIS 00104054718TESISaBCbBCd2017-02-10fTESISl0oTesisp33724002529488r2019-12-31 00:00:00w2019-12-31yTESISzRecien adquirido